[Event "BAN-chB 41st"]
[Site "Dhaka"]
[Date "2015.10.17"]
[Round "3"]
[White "Babul, Pranq"]
[Black "Hasan Md, Emam"]
[Result "1/2-1/2"]
[WhiteElo "1985"]
[BlackElo "2126"]
[PlyCount "101"]
[EventDate "2015.10.15"]
[EventType "swiss"]
[EventRounds "11"]
[EventCountry "BAN"]
[SourceTitle "CBM 169 Extra"]
[Source "ChessBase"]
[SourceDate "2015.12.18"]
[SourceVersion "1"]
[SourceVersionDate "2015.12.18"]
[SourceQuality "1"]

1. d4 Nf6 2. c4 g6 3. Nc3 Bg7 4. e4 d6 5. Nf3 0-0 6. Bd3 Nbd7 7. 0-0 e5 8. d5 h6 9. h3 Ne8 10. Qc2 Nc5 11. Be2 f5 12. b4 Na6 13. a3 f4 14. Bb2 g5 15. Nh2 Nf6 16. Qd1 Qe8 17. f3 Nh5 18. c5 Ng3 19. Bb5 Qd8 20. Rf2 Nb8 21. c6 b6 22. Bc4 h5 23. a4 Rf6 24. a5 Rg6 25. Be2 Nxe2+ 26. Qxe2 g4 27. fxg4 hxg4 28. Nxg4 Bxg4 29. hxg4 Qh4 30. axb6 cxb6 31. c7 Nd7 32. Rxa7 Rf8 33. c8Q Rxc8 34. Rxd7 Rh6 35. Rf3 Qh2+ 36. Kf2 Bf6 37. Qf1 Qh4+ 38. Ke2 Qxg4 39. Rxd6 Rh2 40. Rxf6 Rxg2+ 41. Kd3 Rxb2 42. Qh3 Qxh3 43. Rxh3 Rxb4 44. Rhh6 Rd4+ 45. Kc2 Rxe4 46. Rxb6 Rcc4 47. Rbg6+ Kf7 48. Rb6 Re2+ 49. Kd1 Re3 50. Rh7+ Kg8 51. Ra7 1/2-1/2